<?xml version="1.0" encoding="UTF-8"?>
<record
    xmlns:xsi="http://www.w3.org/2001/XMLSchema-instance"
    xsi:schemaLocation="http://www.loc.gov/MARC21/slim http://www.loc.gov/standards/marcxml/schema/MARC21slim.xsd"
    xmlns="http://www.loc.gov/MARC21/slim">

  <leader>00551nam a22001697a 4500</leader>
  <controlfield tag="008">121107b2011    MX X   | |||| 00| 0 SPA d</controlfield>
  <datafield tag="020" ind1=" " ind2=" ">
    <subfield code="a">978-607-17-0984-4</subfield>
  </datafield>
  <datafield tag="050" ind1="0" ind2="4">
    <subfield code="a">KGF3795 D453 2011</subfield>
  </datafield>
  <datafield tag="100" ind1="1" ind2=" ">
    <subfield code="a">RODR&#xCD;GUEZ ROM&#xC1;N, Gonzalo autor</subfield>
  </datafield>
  <datafield tag="245" ind1="1" ind2="0">
    <subfield code="a">Nuevo derecho procesal agrario</subfield>
    <subfield code="c">Gonzalo Rodr&#xED;guez Rom&#xE1;n</subfield>
  </datafield>
  <datafield tag="300" ind1=" " ind2=" ">
    <subfield code="a">158 P&#xE1;ginas</subfield>
  </datafield>
  <datafield tag="505" ind1=" " ind2=" ">
    <subfield code="a">Contiene: Pr&#xF3;logo, &#xCD;ndice de contenido, Bibliograf&#xED;a</subfield>
  </datafield>
  <datafield tag="650" ind1="1" ind2="7">
    <subfield code="a">1. DERECHO AGRARIO</subfield>
  </datafield>
  <datafield tag="650" ind1="1" ind2="7">
    <subfield code="a">2. DERECHO PROCESAL</subfield>
  </datafield>
  <datafield tag="650" ind1="1" ind2="7">
    <subfield code="a">3. AGRICULTURA - TRIBUNALES Y PROCEDIMIENTOS</subfield>
  </datafield>
  <datafield tag="942" ind1=" " ind2=" ">
    <subfield code="c">LB</subfield>
  </datafield>
  <datafield tag="952" ind1=" " ind2=" ">
    <subfield code="0">0</subfield>
    <subfield code="1">0</subfield>
    <subfield code="2">lcc</subfield>
    <subfield code="4">0</subfield>
    <subfield code="7">0</subfield>
    <subfield code="a">07</subfield>
    <subfield code="b">07</subfield>
    <subfield code="d">2012-11-07</subfield>
    <subfield code="l">7</subfield>
    <subfield code="o">KGF3795 D453 2011</subfield>
    <subfield code="p">07 003482</subfield>
    <subfield code="r">2025-04-23</subfield>
    <subfield code="s">2017-01-14</subfield>
    <subfield code="t">1</subfield>
    <subfield code="w">2012-11-07</subfield>
    <subfield code="y">LB</subfield>
  </datafield>
  <datafield tag="999" ind1=" " ind2=" ">
    <subfield code="c">88659</subfield>
    <subfield code="d">88659</subfield>
  </datafield>
</record>
